Govt. of
Madhya Pradesh

Glimpses Of Gandhiji (Record no. 55462)

MARC details
000 -LEADER
fixed length control field 00416nam a22001697a 4500
003 - CONTROL NUMBER IDENTIFIER
control field MACL
005 - DATE AND TIME OF LATEST TRANSACTION
control field 20160802153139.0
008 - FIXED-LENGTH DATA ELEMENTS--GENERAL INFORMATION
fixed length control field 160802b xxu||||| |||| 00| 0 eng d
040 ## - CATALOGING SOURCE
Transcribing agency MACL
041 ## - LANGUAGE CODE
Language code of text/sound track or separate title English
082 ## - DEWEY DECIMAL CLASSIFICATION NUMBER
Classification number 741.642 DIW
100 ## - MAIN ENTRY--PERSONAL NAME
Personal name Diwakar, R.R.
9 (RLIN) 65985
245 ## - TITLE STATEMENT
Title Glimpses Of Gandhiji
Statement of responsibility, etc. R. R. Diwakar
260 ## - PUBLICATION, DISTRIBUTION, ETC. (IMPRINT)
Place of publication, distribution, etc. Kolkata
Name of publisher, distributor, etc. APD Books
Date of publication, distribution, etc. 2011
650 ## - SUBJECT ADDED ENTRY--TOPICAL TERM
Topical term or geographic name as entry element Chlidren
9 (RLIN) 64490
942 ## - ADDED ENTRY ELEMENTS (KOHA)
Source of classification or shelving scheme
Koha item type Books

No items available.